000 00660nam a2200229Ia 4500
003 OSt
005 20220928144659.0
006 a|||||r|||| 00| 0
007 ta
008 220927b |||||||| |||| 00| 0 eng d
024 _a73021
037 _cTextual
040 _aSDCL
_cSDCL
_beng
041 _2eng
_aeng
082 _aWv2, L5
100 _aDasgupta Biplap
_9509069
245 0 _aPatterns and trends in Indian politics
_b An ecological analysis of aggregate data on society and elections.
260 _c1975
700 _a Morris-Jones W H
942 _hWv2, L5
_cTEXL
_2CC
999 _c828929
_d828929